La crítica del desarrollo y del modo industrial de producción

Na minha lista:
Detalhes bibliográficos
Autor principal: Esteva, Gustavo
Formato: Texto
Publicado em: s.c.e :
Tags: Adicionar Tag
Sem tags, seja o primeiro a adicionar uma tag!

MARC

LEADER 00000 a a2200000 04500
001 13960
003
040
090 |a 024300  
100 |a Esteva, Gustavo  
245 |a La crítica del desarrollo y del modo industrial de producción  
260 |a s.c.e :  
300 |a 4 p.  
999 |c 11556  |d 11556